000 00562nam a2200181Ia 4500
008 100917s9999 xx 000 0 und d
082 _b52436
100 _aभाटे वामनराव
245 _aश्री सरस्वती स्तोत्र
260 _bललिता प्रकाशन
_c1979
300 _a16
365 _b0.2
520 _a---
630 _aश्री सरस्वती स्तोत्र
650 _a---
730 _aश्री सरस्वती स्तोत्र
942 _cBOOK
999 _c657830
_d657827